La autonomía colonial en España (Record no. 156790)

MARC details
000 -LEADER
campo de control de longitud fija 00843nam a2200217 i 4500
001 - NÚMERO DE CONTROL
campo de control 156790
003 - IDENTIFICADOR DE NÚMERO DE CONTROL
campo de control ES-MaACL
005 - FECHA Y HORA DE LA ÚLTIMA TRANSACCIÓN
campo de control 20231227062553.0
008 - DATOS DE LONGITUD FIJA--INFORMACIÓN GENERAL
campo de control de longitud fija 931025s1892 sp |||| | spa d
100 1# - ENTRADA PRINCIPAL--NOMBRE DE PERSONA
Nombre de persona Labra, Rafael M. de,
Fechas asociadas al nombre 1840-1918
9 (RLIN) 69273
245 13 - MENCIÓN DEL TÍTULO
Título La autonomía colonial en España
Resto del título : discursos /
Mención de responsabilidad, etc. de Rafael M. de Labra.
260 ## - PUBLICACIÓN, DISTRIBUCIÓN, ETC.
Lugar de publicación, distribución, etc. Madrid :
Nombre del editor, distribuidor, etc. [s.n.],
Fecha de publicación, distribución, etc. 1892 (
Fabricante Imp. de los Sucesores de Cuesta)
300 ## - DESCRIPCIÓN FÍSICA
Extensión LII, 314 p. ;
Dimensiones 19 cm.
530 ## - NOTA DISPONIBLE DE FORMULARIO FÍSICO ADICIONAL
Nota de formato físico adicional disponible Disponible en formato digital.
650 #4 - PUNTO DE ACCESO ADICIONAL DE MATERIA--TÉRMINO DE MATERIA
Término de materia o nombre geográfico como elemento de entrada Partidos políticos-
Subdivisión geográfica España-
Subdivisión cronológica S.XIX.
9 (RLIN) 138923
650 #4 - PUNTO DE ACCESO ADICIONAL DE MATERIA--TÉRMINO DE MATERIA
Término de materia o nombre geográfico como elemento de entrada Partidos políticos-
Subdivisión geográfica Cuba.
9 (RLIN) 164315
650 #4 - PUNTO DE ACCESO ADICIONAL DE MATERIA--TÉRMINO DE MATERIA
Término de materia o nombre geográfico como elemento de entrada Partidos políticos-
Subdivisión geográfica Puerto Rico.
9 (RLIN) 168639
852 ## - LOCALIZACIÓN
Ubicación ES-MaACL
Número de control de estantería F-11469
Nota libre - Enc. pasta
856 ## - LOCALIZACIÓN Y ACCESO ELECTRÓNICOS
Identificador Uniforme de Recursos <a href="http://bdh-rd.bne.es/viewer.vm?id=0000090539&page=1 ">http://bdh-rd.bne.es/viewer.vm?id=0000090539&page=1 </a>
Nota pública Biblioteca Digital Hispánica
Holdings
Estatus retirado Estado de pérdida Estado de daño No para préstamo Colección Biblioteca de origen Biblioteca actual Ubicación en estantería Fecha de adquisición Fuente de adquisición Total de préstamos Signatura topográfica completa Código de barras Visto por última vez Precio de reemplazo Tipo de ítem Koha
        Colección digital Biblioteca del Ateneo de Madrid Biblioteca del Ateneo de Madrid Sala Pecera Planta 2 17/01/2008     F-11469 1164043 23/02/2023 23/02/2023 Libro impreso antiguo